00946nam a2200229 a 450000100100000000500170001000800410002704000250006808200200009324500940011326000630020730000360027049000720030650000520037850400300043060000600046065000300052065000330055065000250058370000340060883000740064200000872520200929161409.0090918s200u dr 000 0 spa d aDO-SdBNPbspacBNPHU a709.7293bF363p00aFernando Peña Defilló :bla naturaleza mística /ccompilador Ricardo Ramón Jarne. aSanto Domingo :bSecretaria de Estado de Cultura,c[200?]. a395 p. :bil., retrs. ;c28 cm.1 aMonografías de Arte Dominicano del Centro Cultural de Españav3 aIncluye referencias y notas al pie de páginas aBibliografía: p.391-39514aPEÑA DEFILLO, FERNANDO,xCRÍTICA E INTERPRETACIÓN 4aArte dominicanoySIGLO XX 4aPintura dominicanaySIGLO XX 4aPintores dominicanos12aJame, Ricardo Ramón,ecomp. 0aMonografías de Arte Dominicano del Centro Cultural de España ;n3